3201-一畑電車の駅 - Statistics

General Stats
  • This quiz has been taken 68 times
  • The average score is 16 of 27
Answer Stats
本線 % Correct
電鉄出雲市
92%
出雲大社前
87%
松江しんじ湖温泉
85%
川跡
83%
川跡
83%
雲州平田
77%
一畑口
73%
松江フォーゲルパーク
73%
松江イングリッシュガーデン前
71%
出雲科学館パークタウン前
63%
湖遊館新駅
60%
遙堪
58%
浜山公園北口
56%
秋鹿町
54%
大津町
50%
武志
50%
美談
50%
50%
朝日ヶ丘
46%
旅伏
44%
布崎
44%
高浜
44%
津ノ森
42%
大寺
40%
伊野灘
40%
長江
37%
高ノ宮
31%
No matching quizzes found
Score Distribution
Percent of People with Each Score
Percentile by Number Answered
Your Score History
You have not taken this quiz